000 00600nam a22002297a 4500
003 UA-OsUOA
001 41671
007 ta
008 20061009b un ||||| |||| 00| 0 ukr d
100 _aЯрмолюк Василь
090 _a82-1
_bЯ 75
942 _cBK
040 _aUA-OsUOA
_bukr
_cUA-OsUOA
_dUA-OsUOA
245 _aВереснева віть
_bпоезії
300 _a84 с.
955 _a3
041 _aukr
080 _a82-1
260 _aРівне
_b"Азалія"
_c2000
650 7 _a82 Література. Літературознавство
_2UDC
999 _c327812
_d327812